000 00262nam a22001217a 4500
008 170728b xxu||||| |||| 00| 0 eng d
041 _aeng
080 _a004
100 _a31
101 _aSHKI
245 _aPROGRAMMING PROLOG
_cCLOCKSIN, W.F
942 _2udc
_cBK
999 _c22099
_d22099